| 000 | 00491nam a2200181Ia 4500 | ||
|---|---|---|---|
| 005 | 20250508154829.0 | ||
| 008 | 008 250505s9999 xx 000 0 hin d | ||
| 037 | _aTextual | ||
| 040 |
_aFEDL _beng _cFEDL |
||
| 041 |
_ahin _2eng |
||
| 084 |
_a361.5, SHA _qFEDL |
||
| 100 |
_aSharma Vidhasagar _9766214 |
||
| 245 | 0 | _aGram swym sevak dal | |
| 260 |
_aDelhi, India _bSakranti Prakashan _c1964 |
||
| 300 | _a84p. | ||
| 942 |
_cTEXL _h361.5, SHA |
||
| 999 |
_c1352366 _d1352366 |
||